|
|
|
|
| LEADER |
00910nam a2200241 a 4500 |
| 001 |
13546266 |
| 008 |
090720s2003 nyu b 000 0 eng d |
| 010 |
|
|
|a 2004298023
|
| 020 |
|
|
|a 0826464777
|
| 040 |
|
|
|a UKM
|c UKM
|d C#P
|d DLC
|
| 082 |
0 |
4 |
|a 174
|2 21
|
| 100 |
1 |
|
|a Gregory, Ian,
|d 1939-
|
| 245 |
1 |
0 |
|a Ethics in research /
|c Ian Gregory.
|
| 260 |
|
|
|a London ;
|a New York :
|b Continuum,
|c c2003.
|
| 300 |
|
|
|a xi, 80 p. ;
|c 22 cm.
|
| 490 |
|
0 |
|a Continuum research methods series
|
| 504 |
|
|
|a Includes bibliographical references (p. 79-80).
|
| 541 |
1 |
|
|e 00018452
|
| 650 |
|
0 |
|a Social Sciences
|x Research
|x Moral and ethical aspects.
|
| 650 |
|
0 |
|a Research
|x Moral and ethical aspects.
|
| 852 |
4 |
|
|a SPH
|j General Shelf.
|
| 999 |
|
|
|c 2576
|d 2576
|
| 952 |
|
|
|0 0
|1 0
|2 ddc
|4 0
|6 174_000000000000000_GRE
|7 0
|9 2347
|a JPGSPH
|b JPGSPH
|d 2009-04-28
|e Paragon Enterprise ltd. Dhaka,Bangladesh.
|l 0
|o 174 GRE
|p 3060018452
|r 2009-07-21
|t 1
|w 2009-07-21
|y BK
|